000
00296nam a22001217a 4500
003
SGT
082
_a
347.09
_b
SIN
100
_a
SINGH SURABHI
245
_a
ALTERNATE DISPUTE RESOLUTION MECHANISM ROLE OF LEGAL AID IN THE SETTLEMENT OF DISPUTE
260
_c
2020
300
_a
129
942
_2
ddc
_c
TH
999
_c
34038
_d
34038